Tổng tập dư địa chí Việt Nam Tập 3

Là công trình sưu tầm, nghiên cứu, tuyển chọn, giới thiệu nhiều tư liệu quý, quan trọng, tiêu biểu, có nội dung sâu rộng của các tác gia danh tiếng bậc nhất trong suốt nghìn năm nay ở nước ta, như: Dương Văn An, Trịnh Hoài Đức, Lê Quý Đôn....

Ful tanımlama

Kaydedildi:
Detaylı Bibliyografya
Yazar: Bùi, Văn Vượng
Diğer Yazarlar: Dương Văn An
Materyal Türü: Kitap
Dil:Undetermined
Baskı/Yayın Bilgisi: H. Thanh niên 2012
Konular:
Online Erişim:http://lrc.tdmu.edu.vn/opac/search/detail.asp?aID=2&ID=20114
Etiketler: Etiketle
Etiket eklenmemiş, İlk siz ekleyin!
Thư viện lưu trữ: Trung tâm Học liệu Trường Đại học Thủ Dầu Một
LEADER 01231nam a2200241Ia 4500
001 TDMU_20114
008 210410s9999 xx 000 0 und d
082 |a 915.97 
090 |b B510 
100 |a Bùi, Văn Vượng 
245 0 |a Tổng tập dư địa chí Việt Nam 
245 0 |c Dương Văn An, Trịnh Hoài Đức, Lê Quý Đôn; Bùi Văn Vượng (chủ biên) 
245 0 |n Tập 3 
245 0 |p Dư địa chí địa phương (Phương chí) 
260 |a H. 
260 |b Thanh niên 
260 |c 2012 
300 |a 1344tr. 
520 |a Là công trình sưu tầm, nghiên cứu, tuyển chọn, giới thiệu nhiều tư liệu quý, quan trọng, tiêu biểu, có nội dung sâu rộng của các tác gia danh tiếng bậc nhất trong suốt nghìn năm nay ở nước ta, như: Dương Văn An, Trịnh Hoài Đức, Lê Quý Đôn... 
650 |a Địa chí  |x Địa phương chí  |z Việt Nam  |v Tổng tập 
700 |a Dương Văn An 
856 |u http://lrc.tdmu.edu.vn/opac/search/detail.asp?aID=2&ID=20114 
980 |a Trung tâm Học liệu Trường Đại học Thủ Dầu Một